000 00638cam a22002531 4500
001 sa 68015200
003 DLC
005 20260227112641.0
008 940527s1965 ii 000 0 sino
010 _asa 68015200
025 _aPL480:C-278
035 _a(OCoLC)30507610
040 _aDLC
_cCU
_dCU
_dDLC
042 _apremarc
050 0 0 _aHD37.S54
_bP45
100 1 _aPerera, Kuruppuge Ruben,
_d1921-
245 1 0 _aVelenda paripālanaya.
_bBusiness management.
260 _c[1965]
300 _a256 p.
_c18 cm.
500 _aIn Sinhalese.
650 0 _aManagement.
650 0 _aBusiness.
740 0 _aBusiness management.
999 _c86303
_d86303